| 000 | 00593nam a22001817a 4500 | ||
|---|---|---|---|
| 003 | OSt | ||
| 082 |
_a631.37 _bAMI/DE |
||
| 100 |
_aAmit Kumar _94251 |
||
| 100 |
_aNeeba, M _94687 |
||
| 100 |
_aNeethu, K _94688 |
||
| 100 |
_aPankaj Mani _94689 |
||
| 100 |
_aVishal Thakur _94690 |
||
| 245 | _aDesign analysis and revamping of the pedal operated incense stick making machine | ||
| 260 |
_aTavanur _bDepartment of Farm Machinery and Power Engineering _c2020 |
||
| 700 | _aJayan, P. R | ||
| 856 | _uhttps://drive.google.com/file/d/1WzflsmUgB9wOlRjn0PkhtnJVKEcOsuIS/view?usp=sharing | ||
| 942 | _cPR | ||
| 999 |
_c16310 _d16310 |
||